[Event "Cannes Martinez op"]
[Site "Cannes"]
[Date "1996.??.??"]
[Round "4"]
[White "Dei, A."]
[Black "Laurain, Dominique"]
[Result "1/2-1/2"]
[WhiteElo "1950"]
[BlackElo "2140"]

1.d4 Nf6 2.c4 g6 3.Nc3 d5 4.cxd5 Nxd5 5.e4 Nxc3 6.bxc3 Bg7 7.Bc4 O-O 8.Ne2 c5
9.O-O Nc6 10.Be3 Qc7 11.Rc1 Na5 12.Bd3 Rd8 13.f4 f5 14.exf5 Bxf5 15.Bxf5 gxf5
16.Qc2 e6 17.dxc5 Nc4  1/2-1/2

[Event "Cannes op"]
[Site "Cannes"]
[Date "1996.??.??"]
[Round "5"]
[White "Sadler, Matthew"]
[Black "Khachian, Melikset"]
[Result "1-0"]
[WhiteElo "2600"]
[BlackElo "2440"]

1.d4 Nf6 2.c4 g6 3.Nc3 d5 4.cxd5 Nxd5 5.e4 Nxc3 6.bxc3 Bg7 7.Nf3 c5 8.Rb1 O-O
9.Be2 Nc6 10.d5 Ne5 11.Nxe5 Bxe5 12.Qd2 b6 13.f4 Bg7 14.O-O e6 15.Bc4 Bb7
16.dxe6 Bxe4 17.exf7+ Kh8 18.Rb2 Qxd2 19.Bxd2 Rad8 20.Re1 Bc6 21.f5 Bd5 22.Bxd5 Rxd5
23.fxg6 hxg6 24.Re7 b5 25.Rxa7 b4 26.Rc2 Rf5 27.h4 c4 28.Kh2 R8xf7 29.Rxf7 Rxf7
30.cxb4 Rf2 31.Kg3 Bd4 32.a4 Kg8 33.a5 Kf7 34.b5 Ke6 35.b6 Kd5 36.b7 Rf8
37.Bf4 Ba7 38.Rb2 Rxf4 39.Kxf4 Bb8+ 40.Kg5 c3 41.Rc2  1-0

[Event "Cannes op"]
[Site "Cannes"]
[Date "1996.??.??"]
[Round "7"]
[White "Summerscale, Aaron"]
[Black "Lerch, Patrice"]
[Result "0-1"]
[WhiteElo "2465"]
[BlackElo "2280"]

1.d4 Nf6 2.c4 g6 3.Nc3 d5 4.cxd5 Nxd5 5.e4 Nxc3 6.bxc3 Bg7 7.Nf3 c5 8.Rb1 O-O
9.Be2 cxd4 10.cxd4 Qa5+ 11.Bd2 Qxa2 12.O-O a5 13.Bg5 a4 14.Bxe7 Re8 15.Bd6 Rxe4
16.Qc1 Be6 17.Bd3 Rg4 18.h3 Qd5 19.Qc7 Nc6 20.hxg4 Rc8 21.Qxb7 Qxd6 22.Rfc1 Bf8
23.Be4 Na5 24.Qb5 Rxc1+ 25.Rxc1 Nb3 26.Rd1 a3 27.d5 Nc5 28.Qe2 Bxg4 29.Bb1 Na4
30.Qc2 Nb2 31.Rd4 h5 32.Ba2 Qf6 33.d6 Bxf3 34.Ra4 Nxa4 35.Qxa4 Qa1+  0-1

[Event "Cannes op"]
[Site "Cannes"]
[Date "1996.??.??"]
[Round "9"]
[White "Etchegaray, Patrice"]
[Black "Loeffler, Markus"]
[Result "1/2-1/2"]
[WhiteElo "2295"]
[BlackElo "2350"]

1.d4 Nf6 2.c4 g6 3.Nc3 d5 4.cxd5 Nxd5 5.e4 Nxc3 6.bxc3 Bg7 7.Nf3 O-O 8.Rb1 c5
9.Be2 Nc6 10.d5 Bxc3+ 11.Bd2 Bxd2+ 12.Qxd2 Na5 13.h4 Bg4 14.h5 Bxf3 15.gxf3 e5
16.d6 b6 17.hxg6 fxg6 18.Qd5+ Kg7 19.Qxe5+ Qf6 20.Qh2 h5 21.Rd1 Nc4  1/2-1/2

[Event "Cannes op"]
[Site "Cannes"]
[Date "1996.??.??"]
[Round "9"]
[White "Summerscale, Aaron"]
[Black "Jelen, Igor"]
[Result "1/2-1/2"]
[WhiteElo "2465"]
[BlackElo "2400"]

1.d4 Nf6 2.c4 g6 3.Nc3 d5 4.cxd5 Nxd5 5.e4 Nxc3 6.bxc3 Bg7 7.Nf3 c5 8.Be2 Nc6
9.Rb1 cxd4 10.cxd4 Nxd4 11.Nxd4 Qxd4 12.Bb5+ Bd7 13.Bxd7+ Qxd7 14.Qxd7+ Kxd7
15.Rxb7+ Ke6 16.Ba3 Bf6 17.Ke2 Rhc8 18.Rc1 Rxc1 19.Bxc1 Rc8 20.Kd1 Rd8+ 21.Kc2 Rd7
22.Rxd7 Kxd7 23.Kd3 h5 24.f4 e6 25.Be3 a6 26.Bd4 Be7 27.Kc4  1/2-1/2

[Event "Cappelle op"]
[Site "Cappelle la Grande "]
[Date "1996.??.??"]
[Round "1"]
[White "Aleksieva, Silvia"]
[Black "Zagorskis, Darius"]
[Result "0-1"]
[WhiteElo "2345"]
[BlackElo "2530"]

1.d4 Nf6 2.c4 g6 3.Nc3 d5 4.cxd5 Nxd5 5.e4 Nxc3 6.bxc3 Bg7 7.Bb5+ c6 8.Ba4 O-O
9.Ne2 e5 10.Ba3 Re8 11.d5 Bf8 12.d6 Be6 13.Bb3 Nd7 14.Rb1 b5 15.Qd3 Qa5 16.Bb4 Qb6
17.Ba3 Qa6 18.Bc1 Nc5 19.Qe3 Bxd6 20.h4 Nxb3 21.axb3 h5 22.Ng3 Qb6 23.Qd3 Bc5
24.Nf5 Rad8 25.Nh6+ Kg7 26.Qf3 Qc7 27.Nf5+ Bxf5 28.exf5 e4 29.Qe2 e3 30.fxe3 Bxe3
31.Bxe3 Qg3+ 32.Kf1 Rxe3 33.Rh3 Qf4+ 34.Rf3 Rxf3+ 35.gxf3 Rd2  0-1

[Event "Capablanca mem-C"]
[Site "Cienfuegos"]
[Date "1996.??.??"]
[Round "12"]
[White "Clavijo, Jorge Mario"]
[Black "Blanco Fernandez, Alvaro"]
[Result "1/2-1/2"]
[WhiteElo "2380"]
[BlackElo "2415"]

1.d4 Nf6 2.c4 g6 3.Nc3 d5 4.cxd5 Nxd5 5.e4 Nxc3 6.bxc3 Bg7 7.Nf3 c5 8.Rb1 O-O
9.Be2 Nc6 10.d5 Bxc3+ 11.Bd2 Bxd2+ 12.Qxd2 Na5 13.h4 Bg4 14.h5 Bxf3 15.Bxf3 Nc4
16.Qh6 Qa5+ 17.Kf1 Qd2 18.Qxd2 Nxd2+ 19.Ke2 Nxb1 20.Rxb1 b6 21.h6 Rad8 22.e5 f6
23.e6 Rd6 24.Kd3 f5 25.Kc4 g5 26.Rh1 g4 27.Be2 b5+ 28.Kxb5 Rxd5 29.Bc4 Rd2
30.Rh5 Rf6 31.Rg5+ Kf8 32.Rg7 Rxh6 33.Rf7+ Ke8 34.Rxf5 Rf6 35.Rg5 h5 36.Rxh5 Rdxf2
37.Rg5 Rxg2 38.Bd5 Rgf2 39.Rxg4 Rb2+ 40.Kxc5 Kd8 41.Bb3 Rd2 42.Rg8+ Kc7 43.Re8  1/2-1/2

[Event "Club Tres Peons"]
[Site "?"]
[Date "1996.??.??"]
[Round "3"]
[White "Jose Abril, Ramon"]
[Black "Crespo Revilla, Josep Ma"]
[Result "1-0"]
[WhiteElo "2390"]
[BlackElo "2260"]

1.d4 Nf6 2.c4 g6 3.Nc3 d5 4.cxd5 Nxd5 5.e4 Nxc3 6.bxc3 Bg7 7.Nf3 O-O 8.Be2 c5
9.O-O Nc6 10.Be3 Qa5 11.d5 Rd8 12.Qb3 Ne5 13.Nxe5 Bxe5 14.Rac1 Bd7 15.Bg5 Re8
16.f4 Bg7 17.Qxb7 Qa4 18.e5 f6 19.e6 Bxe6 20.dxe6 fxg5 21.Bb5  1-0

[Event "Obro Nytaar op"]
[Site "Copenhagen"]
[Date "1996.??.??"]
[Round "2"]
[White "Olsen, Peter Erik"]
[Black "Brinck Claussen, Bjorn"]
[Result "1/2-1/2"]
[WhiteElo "2240"]
[BlackElo "2395"]

1.d4 Nf6 2.c4 g6 3.Nc3 d5 4.cxd5 Nxd5 5.e4 Nxc3 6.bxc3 Bg7 7.Be3 O-O 8.Nf3 c5
9.Qd2 Qa5 10.Rc1 cxd4 11.cxd4 Qxd2+ 12.Kxd2 Nc6  1/2-1/2

[Event "Politiken Cup"]
[Site "Copenhagen"]
[Date "1996.??.??"]
[Round "9"]
[White "Andersen, Ole Bo"]
[Black "Steingrimsson, Hedinn"]
[Result "0-1"]
[WhiteElo "2110"]
[BlackElo "2405"]

1.d4 Nf6 2.c4 g6 3.Nc3 d5 4.cxd5 Nxd5 5.e4 Nxc3 6.bxc3 Bg7 7.Nf3 c5 8.Rb1 O-O
9.Be2 b6 10.Bb2 e6 11.d5 exd5 12.exd5 Bf5 13.Ra1 Be4 14.Bc4 b5 15.Bxb5 Qb6
16.Qb3 Bxd5 17.c4 Bxb2 18.Rb1 Bxf3 19.Qxf3 Qf6 20.Qxa8 Qc3+ 21.Ke2 Qc2+ 22.Kf3 Qd3+
23.Kf4 Be5+  0-1

[Event "Politiken Cup"]
[Site "Copenhagen"]
[Date "1996.??.??"]
[Round "9"]
[White "Dahl Pedersen, He"]
[Black "Hammes, Frank"]
[Result "1-0"]
[WhiteElo "2055"]
[BlackElo "2190"]

1.d4 Nf6 2.c4 g6 3.Nc3 d5 4.cxd5 Nxd5 5.e4 Nxc3 6.bxc3 Bg7 7.Be3 O-O 8.Bc4 c5
9.Ne2 cxd4 10.cxd4 Nc6 11.O-O Bd7 12.Qd2 Qa5 13.Rfd1 Rac8 14.Rab1 Qxd2 15.Rxd2 Na5
16.Bd3 a6 17.d5 b5 18.Bd4 Bh6 19.Rdd1 Nc4 20.Nc3 e5 21.dxe6 Bxe6 22.a4 Nd2
23.Rb4 Rfd8 24.axb5 a5 25.Ra4 Bb3 26.Nd5 Bxa4 27.Ra1 Rxd5 28.exd5 Bb3 29.d6 Be6
30.Bb6 Bf8 31.Bc7 Nb3 32.Rd1 Nc5 33.b6 a4 34.Bb5 a3 35.d7 Bxd7 36.Bxd7 Nxd7
37.Rxd7 a2 38.Rd1 Ra8 39.Be5  1-0

[Event "Politiken Cup"]
[Site "Copenhagen"]
[Date "1996.??.??"]
[Round "10"]
[White "Hillarp Persson, Tiger"]
[Black "Liss, Eran"]
[Result "1-0"]
[WhiteElo "2410"]
[BlackElo "2480"]

1.d4 Nf6 2.c4 g6 3.Nc3 d5 4.cxd5 Nxd5 5.e4 Nxc3 6.bxc3 Bg7 7.Be3 c5 8.Qd2 Qa5
9.Rb1 b6 10.Nf3 O-O 11.Rc1 Nd7 12.d5 Bb7 13.c4 Qxd2+ 14.Nxd2 f5 15.f3 Rae8
16.Bd3 e6 17.O-O exd5 18.cxd5 Bxd5 19.Bb5 Be6 20.Rfd1 f4 21.Bf2 Rd8 22.Bh4 Bf6
23.Bxf6 Nxf6 24.Nc4 Rxd1+ 25.Rxd1 Ne8 26.Ne5 Nc7 27.Bc6 Kg7 28.g3 g5 29.Kf2 c4
30.a4 Kf6 31.gxf4 gxf4 32.Nd7+ Bxd7 33.Rxd7 Ne6 34.Bd5 Nc5 35.Rc7 c3 36.Ke2 Nxa4
37.Kd3 Ke5 38.Re7+ Kf6 39.Rxa7 Rc8 40.Kd4  1-0

[Event "Politiken Cup"]
[Site "Copenhagen"]
[Date "1996.??.??"]
[Round "11"]
[White "Ward, Christopher"]
[Black "Kosebay, Osman"]
[Result "1-0"]
[WhiteElo "2505"]
[BlackElo "2220"]

1.d4 Nf6 2.c4 g6 3.Nc3 d5 4.cxd5 Nxd5 5.e4 Nxc3 6.bxc3 Bg7 7.Bc4 c5 8.Ne2 Nc6
9.Be3 O-O 10.h4 cxd4 11.cxd4 Qa5+ 12.Kf1 Rd8 13.h5 Bg4 14.f3 Nxd4 15.Bxd4 Bxd4
16.Nxd4 Qe5 17.hxg6 Rxd4 18.Bxf7+ Kf8 19.Qc1 hxg6 20.Bxg6 Rd2 21.Qxd2 Qxa1+
22.Qe1 Qxe1+ 23.Kxe1 Kg7 24.Bf5 Bxf5 25.exf5 Rc8 26.Kd2 Rc5 27.Rb1 Ra5 28.Rb2 Ra3
29.Ke2 Kf6 30.g4 Kg5 31.Rxb7 Rxa2+ 32.Ke3 Kf6 33.Kf4 Ra4+ 34.Kg3 Ra3 35.Rc7 Ra6
36.Kf4 Ra4+ 37.Kg3 Ra6 38.Kh4 Ra1 39.Rc6+ Kf7 40.Kg5 a5 41.f6 Re1 42.fxe7 Kxe7
43.f4 a4 44.Rc7+ Kd6 45.Ra7 Ra1 46.f5 a3 47.Kf6  1-0

[Event "CZE-chT 9596"]
[Site "?"]
[Date "1996.??.??"]
[Round "4"]
[White "Voloshin, Leonid"]
[Black "Pribyl, Martin"]
[Result "1/2-1/2"]
[WhiteElo "2420"]
[BlackElo "2325"]

1.d4 Nf6 2.c4 g6 3.Nc3 d5 4.cxd5 Nxd5 5.e4 Nxc3 6.bxc3 Bg7 7.Bc4 c5 8.Ne2 Nc6
9.Be3 O-O 10.O-O Qc7 11.Rc1 Rd8 12.Bd3 b6  1/2-1/2

[Event "CZE-chT 9596"]
[Site "?"]
[Date "1996.??.??"]
[Round "7"]
[White "Kozak, Milos"]
[Black "David, Pavel"]
[Result "0-1"]
[WhiteElo "2285"]
[BlackElo "2425"]

1.d4 Nf6 2.c4 g6 3.Nc3 d5 4.cxd5 Nxd5 5.e4 Nxc3 6.bxc3 Bg7 7.Nf3 c5 8.Rb1 O-O
9.Be2 cxd4 10.cxd4 Qa5+ 11.Bd2 Qxa2 12.O-O a5 13.d5 a4 14.Bb4 a3 15.Nd2 b5
16.Bxb5 Ba6 17.Bxe7 Rc8 18.Bxa6 Nxa6 19.Rb7 Nc5 20.Bxc5 Rxc5 21.Qf3 Rf8 22.Nb1 Ra5
23.g3 Qa1 24.Nd2 Qxf1+ 25.Kxf1 a2 26.Nb3 Ra3 27.Kg2 Rxb3 28.Qxb3 a1=Q 29.Rb8 Qd4
30.Rxf8+ Bxf8 31.Qf3 Bd6 32.h4 h5 33.Kh2 Kg7 34.Kg2 Qd2 35.Kg1 Be5 36.Kf1 Qc2
37.Kg2 f5 38.exf5 Qxf5 39.Qxf5 gxf5 40.f3 Kg6 41.Kh3 Bd6 42.g4 f4 43.Kg2 Be7  0-1

[Event "CZE-chT 9596"]
[Site "?"]
[Date "1996.??.??"]
[Round "8"]
[White "Orsag, Milan"]
[Black "Pribyl, Martin"]
[Result "1/2-1/2"]
[WhiteElo "2410"]
[BlackElo "2325"]

1.d4 Nf6 2.c4 g6 3.Nc3 d5 4.cxd5 Nxd5 5.e4 Nxc3 6.bxc3 Bg7 7.Bc4 c5 8.Ne2 Nc6
9.Be3 O-O 10.O-O Qc7 11.Rc1 Rd8 12.Qd2 Qa5 13.Rfd1 Bd7 14.Bh6 cxd4 15.Bxg7 Kxg7
16.cxd4 Qxd2 17.Rxd2 Rac8 18.Bb5 a6 19.Bxc6 Rxc6 20.Rxc6 Bxc6 21.f3 Bb5 22.Nc3 Bc4
23.Nd1 Bb5 24.Nc3 Bc4 25.Nd1 Bb5 26.Nc3  1/2-1/2

[Event "CZE-chT1 9596"]
[Site "CZE"]
[Date "1996.??.??"]
[Round "?"]
[White "Mista, Ladislav"]
[Black "Smejkal, Jan"]
[Result "1/2-1/2"]
[WhiteElo "2330"]
[BlackElo "2515"]

1.d4 Nf6 2.c4 g6 3.Nc3 d5 4.cxd5 Nxd5 5.e4 Nxc3 6.bxc3 Bg7 7.Bc4 O-O 8.Ne2 Nc6
9.O-O b6 10.Bg5 Bb7 11.Qd2 Qd7 12.Bh6 Rad8 13.Bxg7 Kxg7 14.Rfd1 Na5 15.Bd3 e5
16.d5 Qe7 17.Ng3 Bc8 18.Qe2 Bd7 19.Rab1 Nb7 20.Bb5 Bxb5 21.Rxb5 Nc5 22.Rbb1 Rd6
23.Re1 Qh4 24.c4 Kg8 25.Nf1 Re8 26.Nd2 Qe7 27.Nb3 Rf6 28.Nxc5 Qxc5 29.Rb5 Qd4
30.Rb2 c6 31.Qc2 Qc5 32.Rd1  1/2-1/2

[Event "CZE-chT2a 9596"]
[Site "CZE"]
[Date "1996.??.??"]
[Round "?"]
[White "Kozak, Milos"]
[Black "Novotny, Jaroslav"]
[Result "1/2-1/2"]
[WhiteElo "2300"]
[BlackElo "2270"]

1.d4 Nf6 2.c4 g6 3.Nc3 d5 4.cxd5 Nxd5 5.e4 Nxc3 6.bxc3 Bg7 7.Nf3 c5 8.Rb1 O-O
9.Be2 cxd4 10.cxd4 Qa5+ 11.Bd2 Qxa2 12.O-O Bg4 13.Be3 Nc6 14.Rxb7 Rfd8 15.d5 e6
16.Bg5 f6 17.Qc1 Qxe2 18.Bh6 Bh8 19.Qxc6 exd5 20.Qc7 Rd7 21.Rb8+ Kf7 22.Qc8 Rxb8
23.Qxb8 Bg7 24.Re1 Qd3 25.Bxg7 Kxg7 26.e5 Qc3 27.Re3 Qc6 28.Qb2 d4 29.exf6+ Qxf6
30.Rd3 Bxf3 31.Rxf3 Qe5 32.h4 Qd5 33.Qa3 Qd6 34.Qd3 Rc7 35.g3 Rc3 36.Qe4 Rxf3
37.Qxf3 d3 38.Qb7+ Kf6 39.Qf3+ Kg7 40.Qb7+ Kh6 41.Qxa7 d2 42.Qe3+ Kg7 43.Qc3+ Kf7
44.Qf3+ Ke6 45.Qe3+ Kd7 46.Qa7+ Kd8 47.Qa8+ Ke7 48.Qe4+ Kf8 49.Qf3+ Ke7 50.Qe3+ Kd8
51.Qg5+ Kc8 52.Qg4+ Kb8 53.Qd1 Qd3 54.f3 Kc7 55.Kf2 Kd6 56.Kg2 Kc5 57.Kf2 Kd6
58.Kg2 Kc5 59.Kf2 Kb4 60.Kg2 Kb5 61.Kf2 Kc5 62.Kg2 Kd5 63.Kf2 Kd6 64.Kg2 h6
65.Kf2 g5  1/2-1/2

[Event "Decin op"]
[Site "Decin"]
[Date "1996.??.??"]
[Round "2"]
[White "Sokalsky, Alexander"]
[Black "Mirumian, Vigen"]
[Result "0-1"]
[WhiteElo "2230"]
[BlackElo "2430"]

1.d4 Nf6 2.c4 g6 3.Nc3 d5 4.cxd5 Nxd5 5.e4 Nxc3 6.bxc3 Bg7 7.Bc4 c5 8.Ne2 Nc6
9.Be3 O-O 10.O-O Qc7 11.Rc1 Rd8 12.f3 e6 13.Qe1 Qe7 14.Qf2 cxd4 15.cxd4 Bd7
16.e5 Na5 17.Bd3 Rac8 18.Ng3 Qa3 19.Qe2 Rxc1 20.Bxc1 Qa4 21.Be3 Nc6 22.Qb2 Be8
23.Bb5 Qb4 24.Qxb4 Nxb4 25.Bxe8 Rxe8 26.Rc1 Nd5 27.Kf2 f6 28.exf6 Bxf6 29.Ne4 Be7
30.Bg5 Kf7 31.Bxe7 Kxe7 32.g3 b6 33.a3 h6 34.h4 Kd7 35.Ke2 Rf8 36.f4 Rf5
37.Kf3 Ne7 38.g4 Rf8 39.Kg3 Nd5 40.Rf1 Rc8 41.Rf3 Rc4 42.Rd3 Rc1 43.g5 h5
44.Nf6+ Kc6 45.Kf3 Rf1+ 46.Ke4 Kd6 47.Nxd5 exd5+ 48.Ke3 Re1+ 49.Kf2 Re4  0-1

[Event "Dresden (Women)"]
[Site "Dresden"]
[Date "1996.??.??"]
[Round "?"]
[White "Werner, Veronika"]
[Black "Werner, Isabel"]
[Result "1/2-1/2"]
[WhiteElo "2205"]
[BlackElo "2210"]

1.c4 Nf6 2.Nc3 g6 3.d4 d5 4.cxd5 Nxd5 5.e4 Nxc3 6.bxc3 Bg7 7.Nf3 c5 8.Be3 cxd4
9.cxd4 Qa5+ 10.Qd2 Qxd2+ 11.Kxd2 O-O  1/2-1/2

[Event "Asia-ch"]
[Site "Dubai"]
[Date "1996.??.??"]
[Round "?"]
[White "Faisal, Ahmed"]
[Black "Sarwat, Walaa"]
[Result "0-1"]
[WhiteElo "2095"]
[BlackElo "2355"]

1.d4 Nf6 2.c4 g6 3.Nc3 d5 4.cxd5 Nxd5 5.e4 Nxc3 6.bxc3 Bg7 7.Be3 O-O 8.Qd2 b6
9.Bh6 c5 10.Bxg7 Kxg7 11.d5 Qd6 12.f4 e6 13.c4 f6 14.Bd3 exd5 15.exd5 Bg4
16.Ne2 Re8 17.O-O Bxe2 18.Bxe2 Nc6 19.Bd3 Nd4 20.Rae1 Qd7 21.Re3 Rxe3 22.Qxe3 Re8
23.Qd2 Qe7 24.Kf2 Qd6 25.Rb1 b5 26.cxb5 c4 27.Bxc4 Qc5 28.Qb4 Qb6 29.Qa4 Ne2+  0-1

[Event "Nord Cup 2nd"]
[Site "Duesseldorf"]
[Date "1996.??.??"]
[Round "5"]
[White "Schlecht, Daniel"]
[Black "Wegener, Olaf"]
[Result "1-0"]
[WhiteElo "2220"]
[BlackElo "1990"]

1.d4 Nf6 2.c4 g6 3.Nc3 d5 4.cxd5 Nxd5 5.e4 Nxc3 6.bxc3 Bg7 7.Nf3 c5 8.Rb1 O-O
9.Be2 Nc6 10.d5 Ne5 11.Nxe5 Bxe5 12.Qd2 Qa5 13.Rb3 Bg7 14.c4 Qxd2+ 15.Bxd2 f5
16.exf5 Rxf5 17.O-O b6 18.Bg4 Re5 19.Bf3 Ba6 20.Rc1 Bb7 21.a4 h5 22.a5 e6
23.Bc3 Rf5 24.Bxg7 Kxg7 25.dxe6 Bxf3 26.gxf3 Re5 27.axb6 axb6 28.Rxb6 Re8
29.Rd1 R8xe6 30.Rxe6 Rxe6 31.Rd5 Rc6 32.Kg2 Kf6 33.h4 Ke6 34.Kh2 Rc8 35.Kh3 Rc7
36.Kg3 Rc8 37.Rg5 Kf6 38.Rd5 Ke6 39.f4 Kf6 40.Kf3 Rc7 41.Kg3 Rc8 42.Rg5 Rc7
43.f5 gxf5 44.Kf4 Rd7 45.Rxf5+ Kg6 46.Rg5+ Kh6 47.Re5 Kg6 48.f3 Rd4+ 49.Re4 Rd6
50.Ke5 Rd8 51.Rf4 Rd3 52.Ke4 Rd4+ 53.Ke3 Rd1 54.Ke4 Rd4+ 55.Ke5 Rd3 56.Rf6+ Kg7
57.f4 Re3+ 58.Kf5 Rc3 59.Rc6 Rxc4 60.Kg5 Rc1 61.Rc7+ Kg8 62.f5 c4 63.Kg6 Kf8
64.Rc8+ Ke7 65.f6+ Ke6 66.Re8+ Kd7 67.f7  1-0

[Event "RUS-ch U20"]
[Site "Ekaterinburg"]
[Date "1996.??.??"]
[Round "3"]
[White "Dyachkov, Sergej"]
[Black "Turov, Maxim"]
[Result "1/2-1/2"]
[WhiteElo "2505"]
[BlackElo "2385"]

1.d4 Nf6 2.c4 g6 3.Nc3 d5 4.cxd5 Nxd5 5.e4 Nxc3 6.bxc3 Bg7 7.Bb5+ c6 8.Ba4 O-O
9.Ne2 b5 10.Bb3 Bb7 11.O-O c5 12.d5 Nd7 13.Bg5 Nf6 14.f3 Qb6 15.Kh1 Rfd8
16.Qe1 a5 17.Rb1 b4 18.Qf2 Ba6  1/2-1/2

[Event "Elgoibar"]
[Site "Elgoibar"]
[Date "1996.??.??"]
[Round "6"]
[White "Matamoros Franco, Carlos S"]
[Black "Fernandez Garcia, Jose L"]
[Result "1/2-1/2"]
[WhiteElo "2460"]
[BlackElo "2490"]

1.d4 Nf6 2.c4 g6 3.Nc3 d5 4.cxd5 Nxd5 5.e4 Nxc3 6.bxc3 Bg7 7.Nf3 c5 8.Be3 Qa5
9.Bd2 O-O 10.Be2 cxd4 11.cxd4 Qd8 12.Rc1 Bg4 13.Be3 Qa5+ 14.Qd2 Nc6 15.d5 Qxd2+
16.Nxd2 Bxe2 17.Kxe2 Nd4+ 18.Bxd4 Bxd4 19.Rc7 e6 20.dxe6 fxe6 21.Nf3 Bb6
22.Rxb7 Rf4 23.Rd1 Rxe4+ 24.Kf1 Rc8 25.Ng5 Rf4 26.f3 Ra4 27.Nxh7 Rxa2 28.Nf6+ Kf8
29.Nd7+ Ke8 30.Nxb6 Rcc2 31.Rb8+ Kf7 32.Rd7+ Kf6 33.Rf8+ Ke5 34.Rd2 Rxd2
35.Nc4+ Kd4 36.Nxd2 Rxd2 37.Rf6 e5 38.h4 Ke3 39.Kg1 Rd4 40.Rxg6 Rxh4 41.Ra6 Rh7
42.Ra4 Rd7 43.Re4+ Kd3 44.Kf2 a5 45.g4 Ra7 46.Rxe5 a4 47.Re3+ Kc2 48.Re2+ Kb3
49.Re3+ Kb2 50.Re2+  1/2-1/2

[Event "Elgoibar"]
[Site "Elgoibar"]
[Date "1996.??.??"]
[Round "8"]
[White "Matamoros Franco, Carlos S"]
[Black "Sion Castro, Marcelino"]
[Result "1/2-1/2"]
[WhiteElo "2460"]
[BlackElo "2415"]

1.d4 Nf6 2.c4 g6 3.Nc3 d5 4.cxd5 Nxd5 5.e4 Nxc3 6.bxc3 Bg7 7.Nf3 c5 8.Be3 Qa5
9.Bd2 O-O 10.Be2 Bg4 11.O-O e6 12.Rb1 Qxa2 13.Ra1 Qb2 14.Rb1 Qa2 15.Ra1 Qb2
16.Rb1  1/2-1/2

[Event "RUS-ch"]
[Site "Elista"]
[Date "1996.??.??"]
[Round "1"]
[White "Sakaev, Konstantin"]
[Black "Notkin, Maksim"]
[Result "1/2-1/2"]
[WhiteElo "2600"]
[BlackElo "2520"]

1.d4 Nf6 2.c4 g6 3.Nc3 d5 4.cxd5 Nxd5 5.e4 Nxc3 6.bxc3 Bg7 7.Nf3 c5 8.Rb1 O-O
9.Be2 cxd4 10.cxd4 Qa5+ 11.Bd2 Qxa2 12.O-O Bg4 13.Be3 Nc6 14.d5 Bxf3 15.Bxf3 Ne5
16.Be2 Nc4 17.Bg5 Rfe8 18.Rxb7 Nd6 19.Rb4 a5 20.Ra4 Qb2 21.Bc1 Qb6 22.Be3 Qb2
23.Bc1 Qb6 24.Qd3 Reb8 25.Bg5 Rb7 26.Rc1 Qb2 27.Rc5 h6 28.Bd2 Rb3 29.Qc2 Qb1+
30.Bf1 Qxc2 31.Rxc2 Rb1 32.g3  1/2-1/2

[Event "RUS-ch"]
[Site "Elista"]
[Date "1996.??.??"]
[Round "1"]
[White "Solozhenkin, Evgeniy"]
[Black "Beshukov, Sergei"]
[Result "1-0"]
[WhiteElo "2565"]
[BlackElo "2460"]

1.d4 Nf6 2.c4 g6 3.Nc3 d5 4.cxd5 Nxd5 5.e4 Nxc3 6.bxc3 Bg7 7.Nf3 c5 8.Rb1 O-O
9.Be2 cxd4 10.cxd4 Qa5+ 11.Bd2 Qxa2 12.O-O b6 13.Qc1 Bb7 14.Bc4 Qa4 15.Bb5 Qa2
16.Bc4 Qa4 17.Bb5 Qa2 18.Re1 Rc8 19.Qd1 Qc2 20.Qe2 Nc6 21.Bd3 Qa2 22.Ra1 Qb2
23.Ra4 Qb3 24.Rea1 Nd8 25.R4a3 Qe6 26.Rxa7 Rxa7 27.Rxa7 Qd6 28.Be3 e6 29.h4 Rc7
30.Ra4 Nc6 31.Qb2 Ne7 32.Rb4 Nc8 33.Qd2 Bf8 34.Rb3 Qc6 35.h5 Qa4 36.Rb2 Nd6
37.Bf4 Nc4 38.Bxc4 Rxc4 39.Rxb6 Bxe4 40.Rb8 Qa1+ 41.Kh2 Qa6 42.Ng5 Bf5 43.Nxh7 Rc8
44.Nf6+ Kh8 45.Rxc8 Qxc8 46.Be5  1-0

[Event "BCF-chT 96/97"]
[Site "England"]
[Date "1996.??.??"]
[Round "?"]
[White "Coathup, Roger"]
[Black "Webb, Richard M"]
[Result "1/2-1/2"]
[WhiteElo "2080"]
[BlackElo "2290"]

1.d4 Nf6 2.c4 g6 3.Nc3 d5 4.cxd5 Nxd5 5.e4 Nxc3 6.bxc3 Bg7 7.Bc4 c5 8.Ne2 Nc6
9.Be3 O-O 10.O-O Qc7 11.Rc1 Rd8 12.Qa4 Bd7 13.Qa3 Qa5 14.Qb3 Be8 15.Rfd1 cxd4
16.cxd4 Qb4 17.Qxb4 Nxb4 18.Bg5 Bf6 19.Bxf6 exf6 20.Nc3 Rac8 21.Bb3 Kf8 22.f3 Rc7
23.Nd5  1/2-1/2

[Event "BCF-chT 96/97"]
[Site "England"]
[Date "1996.??.??"]
[Round "?"]
[White "Tozer, Richard"]
[Black "James, Dale R"]
[Result "0-1"]
[WhiteElo "2380"]
[BlackElo "2250"]

1.d4 Nf6 2.c4 g6 3.Nc3 d5 4.cxd5 Nxd5 5.e4 Nxc3 6.bxc3 Bg7 7.Bc4 c5 8.Ne2 O-O
9.O-O a6 10.f4 cxd4 11.cxd4 Nc6 12.Be3 Bg4 13.e5 b5 14.Bd3 Nb4 15.h3 Bxe2
16.Bxe2 Rc8 17.Bf2 Nd5 18.Qd2 Qd7 19.Bd3 e6 20.g4 Bh6 21.Bh4 Rc3 22.Bg5 Bxg5
23.fxg5 Rfc8 24.Rf2 R8c7 25.Raf1 Qc6 26.Kh2 Nb4 27.Bb1 Qc4 28.Rf4 Nd5 29.R4f3 b4
30.Be4 Rxf3 31.Rxf3 Nc3 32.Bc2 Qxa2 33.Rf2 b3 34.Bd3 Qxd2 35.Rxd2 a5  0-1

[Event "FIN-chT 9697"]
[Site "FIN"]
[Date "1996.??.??"]
[Round "1.1"]
[White "Lehtivaara, Petri"]
[Black "Rytshagov, Mikhail"]
[Result "0-1"]
[WhiteElo "2330"]
[BlackElo "2495"]

1.d4 Nf6 2.c4 g6 3.Nc3 d5 4.cxd5 Nxd5 5.e4 Nxc3 6.bxc3 Bg7 7.Be3 c5 8.Qd2 cxd4
9.cxd4 Nc6 10.Bb5 Bd7 11.Ne2 a6 12.Bxc6 Bxc6 13.f3 O-O 14.O-O Bb5 15.Rfd1 Bxe2
16.Qxe2 Rc8 17.Qb2 Qd7 18.Qb6 Rc6 19.Qa7 Rc2 20.a4 Rd8 21.Ra3 h5 22.d5 Rdc8
23.Rad3 Be5 24.a5 Ra2 25.Qb6 Rb2 26.Qa7 Qc7 27.Bd4 Bxh2+ 28.Kh1 Rc2 29.Bf2 Bg3
30.d6 Bxd6 31.Rb3 Qc4 32.Qxb7 Qe2  0-1

[Event "Frydek-Mistek op"]
[Site "Frydek-Mistek"]
[Date "1996.??.??"]
[Round "1"]
[White "Kaunas, Kestutis"]
[Black "Bolacky, Jiri"]
[Result "1-0"]
[WhiteElo "2415"]
[BlackElo "2215"]

1.d4 Nf6 2.c4 g6 3.Nc3 d5 4.cxd5 Nxd5 5.e4 Nxc3 6.bxc3 Bg7 7.Qa4+ Nc6 8.Nf3 O-O
9.Be2 Bd7 10.Qa3 Bg4 11.h3 Bxf3 12.Bxf3 e5 13.d5 Ne7 14.c4 b6 15.Bg5 f6 16.Bd2 c5
17.O-O Nc8 18.Bg4 f5 19.exf5 gxf5 20.Be2 Nd6 21.Bc3 Qh4 22.Qb2 f4 23.Bg4 Rae8
24.Rfe1 f3 25.g3 Qh6 26.Qb3 e4 27.Bxg7 Qxg7 28.Rad1 Qh6 29.Kh2 Rf6 30.Be6+ Kf8
31.a4 Qh5 32.Qc3 Rg6 33.Re3 Ke7 34.Rde1 Rf8 35.Rxe4 Nxe4 36.Rxe4 Kd6 37.g4 Qg5
38.a5 Rf4 39.Re3 Rd4 40.axb6 Qf4+ 41.Kg1 Rxc4 42.Qe1 axb6 43.Qd1 Rf6 44.Qb1 b5
45.Re1 Qd2 46.Qa1 Qc3 47.Qa6+ Ke7 48.d6+ Kf8 49.Qc8+ Kg7 50.Qg8+ Kh6 51.g5+ Kh5
52.Bf7+ Kh4  1-0

[Event "Eikrem mem"]
[Site "Gausdal"]
[Date "1996.??.??"]
[Round "7"]
[White "Stefansson, Hannes"]
[Black "Olafsson, Helgi"]
[Result "1/2-1/2"]
[WhiteElo "2560"]
[BlackElo "2500"]

1.d4 Nf6 2.c4 g6 3.Nc3 d5 4.cxd5 Nxd5 5.e4 Nxc3 6.bxc3 Bg7 7.Be3 c5 8.Qd2 Qa5
9.Nf3 O-O 10.Rb1 b6 11.Rc1 e6 12.Bd3 Ba6 13.Bxa6 Nxa6 14.O-O cxd4 15.cxd4 Qxd2
16.Nxd2 Rfd8 17.e5 Nb4 18.Rc4 Nd5 19.Ne4 Rdc8 20.Rfc1 Rxc4 21.Rxc4 b5 22.Rc5 a6
23.Kf1 Bf8 24.Rc1 Be7 25.Bd2 a5 26.Ke2 Kf8 27.g4 Ke8 28.Nc3 Nc7 29.Ne4 Nd5
30.Nc3  1/2-1/2

[Event "Eikrem mem"]
[Site "Gausdal"]
[Date "1996.??.??"]
[Round "8"]
[White "Hillarp Persson, Tiger"]
[Black "Jansa, Vlastimil"]
[Result "1-0"]
[WhiteElo "2400"]
[BlackElo "2490"]

1.d4 Nf6 2.c4 g6 3.Nc3 d5 4.cxd5 Nxd5 5.e4 Nxc3 6.bxc3 Bg7 7.Be3 c5 8.Qd2 cxd4
9.cxd4 Nc6 10.Rd1 O-O 11.Nf3 Bg4 12.Be2 Rc8 13.O-O Qd7 14.h3 Bxf3 15.Bxf3 Rfd8
16.e5 e6 17.Bg5 Re8 18.h4 Ne7 19.g4 Rc7 20.Qf4 Nd5 21.Bxd5 Qxd5 22.Rd3 Rec8
23.h5 Rc3 24.Rfd1 b5 25.Be7 Qxa2 26.Rxc3 Rxc3 27.h6 Qe2 28.Rc1 Rxc1+ 29.Qxc1 Qxg4+
30.Kh2 Qh5+ 31.Kg3 Qxh6 32.Qc8+ Bf8 33.Qd8 g5 34.Bxg5 Qg7 35.Kf4 h5 36.Ke3 Kh7
37.f4 Qg8 38.f5 exf5 39.Kf4 Bh6 40.Qxg8+ Kxg8 41.Bxh6 a5 42.d5  1-0

[Event "Bundesliga 9596"]
[Site "Germany"]
[Date "1996.??.??"]
[Round "?"]
[White "Volke, Karsten"]
[Black "Goetz, Ralph"]
[Result "1-0"]
[WhiteElo "2450"]
[BlackElo "2335"]

1.d4 Nf6 2.c4 g6 3.Nc3 d5 4.cxd5 Nxd5 5.e4 Nxc3 6.bxc3 Bg7 7.Bc4 O-O 8.Ne2 Nc6
9.O-O b6 10.Bg5 Bb7 11.f4 Na5 12.Bd3 f5 13.exf5 gxf5 14.Ng3 Qd5 15.Qc2 e6
16.Nh5 h6 17.Nxg7 hxg5 18.Nh5 g4 19.Rae1 Qd7 20.Re3 Qh7 21.Ng3 Rf6 22.Rfe1 Qd7
23.Qe2 Bc8 24.Nh5 Rf7 25.Rg3  1-0

[Event "Oberliga Nord N9697"]
[Site "Germany"]
[Date "1996.??.??"]
[Round "?"]
[White "Czerwonski, Aleksander"]
[Black "Mach, Holger"]
[Result "0-1"]
[WhiteElo "2400"]
[BlackElo "2295"]

1.d4 Nf6 2.c4 g6 3.Nc3 d5 4.cxd5 Nxd5 5.e4 Nxc3 6.bxc3 Bg7 7.Bb5+ c6 8.Ba4 O-O
9.Ne2 b5 10.Bb3 a5 11.O-O a4 12.Bc2 Na6 13.e5 c5 14.Rb1 Rb8 15.Nf4 Qd7 16.Be3 cxd4
17.cxd4 Bb7 18.Qe2 Nc7 19.Bd3 Bc6 20.Rfc1 b4 21.Qc2 Rb6 22.d5 Nxd5 23.Bxb6 Nxf4
24.Be4 Bb5 25.Re1 Bxe5 26.Be3 Rc8 27.Qd2 Qg4 28.f3 Qg5 29.g3 Bc3 30.Bxf4 Bxd2
31.Bxg5 Bxg5 32.Red1 Be2 33.Rd7 Rb8 34.Kf2 Bc4 35.a3 b3 36.Rd4 Rc8 37.Bb7 Rc7
38.Be4 Bf6 39.Rd8+ Kg7 40.Ra8 Bd4+ 41.Kg2 f5  0-1